| 000 | 00550 a2200181 4500 | ||
|---|---|---|---|
| 020 | _a1580535046 | ||
| 040 |
_aDLC _bDLC |
||
| 082 | 0 | 0 | _a005.8 |
| 100 | 1 | _aGehrmann, Christian. | |
| 245 | 1 | 0 |
_aBluetooth security _cChristian Gehrmann, Joakim Persson, Ben Smeets. |
| 260 |
_aBoston : _bArtech House, _cc2004. |
||
| 300 |
_axii, 204 p. : _bill. ; _c24 cm. |
||
| 440 | 0 | _aArtech House computer security series | |
| 650 | 0 |
_aBluetooth technology _xSecurity measures. |
|
| 700 | 1 | _aPersson, Joakim. | |
| 700 | 1 | _aSmeets, Ben. | |
| 942 |
_cBK _k005.8 GEH _2ddc |
||
| 999 |
_c6626 _d6626 |
||